书目信息 |
| 题名: |
现代转基因技术
|
|
| 作者: | 吕选忠 , 于宙 编著 | |
| 分册: | ||
| 出版信息: | 北京 中国环境科学出版社 2005 |
|
| 页数: | 174页 | |
| 开本: | 20cm | |
| 丛书名: | 现代绿色实用技术丛书 | |
| 单 册: | ||
| 中图分类: | X38 | |
| 科图分类: | ||
| 主题词: | 无污染技术 | |
| 电子资源: | ||
| ISBN: | 7-80209-217-5 | |
| 000 | 00858nam0 2200253 450 | |
| 005 | 20061205095600.76 | |
| 010 | @a7-80209-217-5@dCNY11.60 | |
| 100 | @a20060829d2004 ekmy0chiy0121 ea | |
| 101 | 0 | @achi |
| 102 | @aCN@b110000 | |
| 105 | @ay a 000yy | |
| 200 | 1 | @a现代转基因技术@AXian Dai Zhuan Ji Yin Ji Shu@f吕选忠,于宙编著@FLu^ Xuan Zhong, Yu Zhou Bian Zhu |
| 210 | @a北京@c中国环境科学出版社@d2005 | |
| 215 | @a174页@d20cm | |
| 225 | 2 | @a现代绿色实用技术丛书@v1 |
| 320 | @a有书目 | |
| 330 | @a本书分为六章,主要包括转基因技术的基本知识与方法、动物与植物转基因方法、转基因技术的应用、转基因农作物的安全与管理等。 | |
| 410 | 0 | @12001 @a现代绿色实用技术丛书 |
| 606 | 0 | @a无污染技术 |
| 690 | @aX38@v4 | |
| 701 | 0 | @a吕选忠@ALu^ Xuan Zhong@4编著 |
| 701 | 0 | @a于宙@AYu Zhou@4编著 |
| 801 | 0 | @aCN@b中图数据@c20061205 |
| 905 | @a10447@dX38@e41 | |
| 现代转基因技术/吕选忠,于宙编著.-北京:中国环境科学出版社,2005 |
| 174页;20cm.-(现代绿色实用技术丛书;1) |
| ISBN 7-80209-217-5:CNY11.60 |
| 本书分为六章,主要包括转基因技术的基本知识与方法、动物与植物转基因方法、转基因技术的应用、转基因农作物的安全与管理等。 |
| ● |
| 相关链接 |
|
|
|
|
正题名:现代转基因技术
索取号:X38/41
 
预约/预借
| 序号 | 登录号 | 条形码 | 馆藏地/架位号 | 状态 | 备注 |
| 1 | 0605327 | 206053278 | 第二样本阅览室/ [索取号:X38/41] | 在馆 | |
| 2 | 0605328 | 206053287 | 第三借阅区/ [索取号:X38/41] | 在馆 | |
| 3 | 0605329 | 206053296 | 第三借阅区/ [索取号:X38/41] | 在馆 |